000 00690nam a2200277Ia 4500
005 20260324114811.0
008 008 260324s9999 xx 000 0 eng d
020 _a9781003147817
037 _aEBOOK
040 _aCRL
040 _beng
040 _cCRL
041 _2eng
041 _aeng
084 _qCRL
100 _aVarun Bajaj; G. R. Sinha; Chinmay Chakraborty
_91152211
245 0 _aBiomedical Signal Processing for Healthcare Applications
260 _bTaylor and Francis
260 _c2021
365 _a
365 _b275
856 _uhttp://www.taylorfrancis.com/books/9781003147817
942 _cEBOOK
999 _c1742594
_d1742594